Fueros municipales de Santiago y de su tierra / (Record no. 158026)

MARC details
000 -LEADER
campo de control de longitud fija 00829nam a22002175i 4500
001 - NÚMERO DE CONTROL
campo de control 158026
003 - IDENTIFICADOR DE NÚMERO DE CONTROL
campo de control ES-MaACL
005 - FECHA Y HORA DE LA ÚLTIMA TRANSACCIÓN
campo de control 20250907063119.0
008 - DATOS DE LONGITUD FIJA--INFORMACIÓN GENERAL
campo de control de longitud fija 940202m18951896sp |||| | spa d
040 ## - FUENTE DE CATALOGACIÓN
Centro catalogador/agencia de origen CAM
Lengua de catalogación spa
100 1# - ENTRADA PRINCIPAL--NOMBRE DE PERSONA
Nombre de persona López Ferreiro, Antonio,
Fechas asociadas al nombre 1837-1910
9 (RLIN) 73640
245 10 - MENCIÓN DEL TÍTULO
Título Fueros municipales de Santiago y de su tierra /
Mención de responsabilidad, etc. por... Antonio López Ferreiro.
260 ## - PUBLICACIÓN, DISTRIBUCIÓN, ETC.
Lugar de publicación, distribución, etc. Santiago :
Nombre del editor, distribuidor, etc. [s.n.],
Fecha de publicación, distribución, etc. 1895 (
Fabricante Imp. y Enc. del Seminario Conciliar Central)
300 ## - DESCRIPCIÓN FÍSICA
Extensión 2 v. (XIII, 393; 321 p.) ;
Dimensiones 25 cm.
500 ## - NOTA GENERAL
Nota general Texto en español; apéndice en español y latín.
596 #1 - NOTA AL PIE DE IMPRENTA
NOTA AL PIE DE IMPRENTA Fecha de cub. del vol. II: 1896.
650 #4 - PUNTO DE ACCESO ADICIONAL DE MATERIA--TÉRMINO DE MATERIA
Término de materia o nombre geográfico como elemento de entrada Fueros-
Subdivisión geográfica Santiago de Compostela.
9 (RLIN) 157679
651 #4 - PUNTO DE ACCESO ADICIONAL DE MATERIA--NOMBRE GEOGRÁFICO
Nombre geográfico Santiago de Compostela-
Subdivisión general Historia.
9 (RLIN) 157680
852 ## - LOCALIZACIÓN
Ubicación ES-MaACL
Número de control de estantería C-640-41
Nota libre -- Enc. hol.
Holdings
Estatus retirado Estado de pérdida Estado de daño No para préstamo Colección Biblioteca de origen Biblioteca actual Ubicación en estantería Fecha de adquisición Fuente de adquisición Total de préstamos Signatura topográfica completa Código de barras Visto por última vez Precio de reemplazo Tipo de ítem Koha
        Libros del s. XIX Biblioteca del Ateneo de Madrid Biblioteca del Ateneo de Madrid Sala Palomar 17/01/2008     C-640-41 1165387 23/02/2023 23/02/2023 Libro impreso antiguo